Manchester City all time xi - Statistics

General Stats
  • This quiz has been taken 134 times
    33 since last reset
  • The average score is 8 of 11
Answer Stats
Hint Answer % Correct
FW(Norway) Erling Haaland
100%
MF(Belgium) Kevin De bruyne
100%
DF(Belgium) Vincent Kompany
100%
FW(Argentina) Sergio Agüero
97%
MF(Spain) David Silva
93%
DF(England) Kyle Walker
76%
DF(Serbia) Aleksandar Kolarov
69%
FW(England Raheem Sterling
55%
GK(Germany) Bert Trautmann
38%
MF(England) Colin Bell
24%
DF(England) Mike Doyle
10%
No matching quizzes found
Score Distribution
Percent of People with Each Score
Percentile by Number Answered
Your Score History
You have not taken this quiz since the last reset